| LEADER | 01969nam a2200517 i 4500 | ||
|---|---|---|---|
| 001 | nkc20253672854 | ||
| 003 | CZ PrNK | ||
| 005 | 20250708125144.0 | ||
| 007 | ta | ||
| 008 | 250214s2023 xr abe f 000 0 cze | ||
| 015 | |a cnb003672854 | ||
| 020 | |a 978-80-7581-052-6 |q (Archeologický ústav AV ČR ; |q brožováno) | ||
| 035 | |a (OCoLC)1514347920 | ||
| 040 | |a OLA001 |b cze |d ABA001 |e rda | ||
| 041 | 0 | |a cze |b eng | |
| 072 | 7 | |a 930 |x Historická věda. Pomocné vědy historické. Archivnictví |2 Konspekt |9 8 | |
| 080 | |a 902 |2 MRF | ||
| 080 | |a 737 |2 MRF | ||
| 080 | |a 930:94(4)"04/14" |2 MRF | ||
| 080 | |a (082) |2 MRF | ||
| 245 | 0 | 0 | |a Jiří Sláma (1934-2020) : |b věda, láska, víra |
| 264 | 1 | |a Praha : |b Archeologický ústav AV ČR, |c 2023 | |
| 300 | |a 314 stran : |b ilustrace (převážně barevné), mapy, plány ; |c 24 cm | ||
| 336 | |a text |b txt |2 rdacontent | ||
| 337 | |a bez média |b n |2 rdamedia | ||
| 338 | |a svazek |b nc |2 rdacarrier | ||
| 500 | |a Název z obálky | ||
| 500 | |a Vydal Archeologický ústav AV ČR, Praha, v.v.i. ve spolupráci s Národním muzeem, s Ústavem pro archeologii Filozofické fakulty Univerzity Karlovy | ||
| 504 | |a Obsahuje bibliografii a bibliografické odkazy | ||
| 546 | |a Anglická resumé | ||
| 650 | 0 | 7 | |a archeologie |7 ph118578 |2 czenas |
| 650 | 0 | 7 | |a numismatika |7 ph115473 |2 czenas |
| 650 | 0 | 7 | |a medievalistika |7 ph115254 |2 czenas |
| 650 | 0 | 9 | |a archaeology |2 eczenas |
| 650 | 0 | 9 | |a numismatics |2 eczenas |
| 650 | 0 | 9 | |a medievalistics |2 eczenas |
| 655 | 7 | |a sborníky |7 fd163935 |2 czenas | |
| 655 | 9 | |a papers of several authors |2 eczenas | |
| 910 | 2 | |a BOA001 |b 2-1486.446 | |
| 928 | 9 | |a Akademie věd České republiky, Archeologický ústav | |
| 928 | 9 | |a Národní muzeum | |
| 928 | 9 | |a Univerzita Karlova, Filozofická fakulta, Ústav pro archeologii | |
| 990 | |a BK | ||
| 995 | |a 01 | ||
| 991 | |b 202502 |c NOV | ||
| 996 | 6 | |b 2610995162 |c 2-1486.446 |l MZK |r Sklad / do 1 hodiny |n 0 |p p.v. |w 001995465 |u 000010 |a 1 |e BOA001 |j MZK50 |s P | |
English
Čeština 